LEADER 00984nam a2200241 i 4500 001 000000001588 003 CaOOAMICUS 005 20180830125435.0 008 180830s1993 it u000 u ita u 040 $aSeMil$bita 245 10$aStoria d'Europa /$cprogetto e direzione dell'opera di Perry Anderson ... [et al.]. 260 $aTorino :$bEinaudi,$c1993-1996. 650 4$aEuropa - Storia.$0(OLS)http://semarc/subject/578 700 1 $aAnderson, Perry.$0(OLS)http://semarc/name/1434 774 0 $tPreistoria e antichità.$gVol. 2.$w()6641 774 0 $tEtà contemporanea.$z880613440X$gVolume5$w()53232 774 0 $tEuropa oggi.$z8806133020$gVolume1$w()53751 774 0 $tTomo 1.$gVolume2$w()53754 774 0 $tMedioevo.$z8806134388$gVolume3$w()53755 774 0 $tEtà moderna.$z8806133396$gVolume4$w()53756 774 0 $tTomo 2.$gVolume2$w()103160 996 $6245$aStoria d'Europa$9(OLS)http://semarc/title/2585 996 $6260$aTorino :$bEinaudi$9(OLS)http://semarc/publisher/29884 LEADER 01320nam a2200265 i 4500 001 000000169821 003 CaOOAMICUS 005 20051112000000.0 008 051112s1966 it u000 u ita u 013 $a147225 040 $aSeMil$bita 100 1 $aKuss, Otto.$0(OLS)http://semarc/name/1479 240 14$aDer Brief an die Hebräer.$0(OLS)http://semarc/title/180204 245 13$aLa lettera agli Ebrei /$ctradotta e commentata da Otto Kuss ; edizione italiana a cura di Giovanni Rinaldi ; [traduzione di Felice Montagnini]. 260 $aBrescia :$bMorcelliana,$c1966. 300 $a255 p. ;$c23 cm. 650 4$aBibbia. Nuovo testamento. Lettera agli Ebrei - Commentari, studi, critica, interpretazioni.$0(OLS)http://semarc/subject/43 700 1 $aMontagnini, Felice,$d<1923- >.$0(OLS)http://semarc/name/34 700 1 $aRinaldi, Giovanni,$c.$0(OLS)http://semarc/name/1752 773 0 $tNuovo Testamento commentato.$bEd. italiana del Regensburger Neues Testament.$dBrescia : Morcelliana, 1957.$g8$w()10861 850 $aSeMil 852 $aSeMil$W1$xVenegono$y1$m2V V 90$j270350$B120725$CSeMilBibl$Z2$F132118 $81 961 $aRecupero: Altro 996 $6245$aLa lettera agli Ebrei$9(OLS)http://semarc/title/242843 996 $6260$aBrescia :$bMorcelliana$9(OLS)http://semarc/publisher/29629